| 000 | 00569nam a2200181Ia 4500 | ||
|---|---|---|---|
| 005 | 20250508155028.0 | ||
| 008 | 008 250505s9999 xx 000 0 eng d | ||
| 037 | _aTextual | ||
| 040 |
_aFEDL _beng _cFEDL |
||
| 041 |
_aeng _2eng |
||
| 084 |
_a061.54, NCE _qFEDL |
||
| 245 | 0 | _aMemorandum of association and rules | |
| 245 | 0 | _cNational Council of Educational Rrsearch and Training | |
| 260 |
_aDelhi, India _bNational Council of Education Research and Training _c1961 |
||
| 300 | _a21p | ||
| 942 |
_cTEXL _h061.54, NCE |
||
| 999 |
_c1353525 _d1353525 |
||